[Event "Washington Open Championship"]
[Site "SeaTac City, WA"]
[Date "2012.05.27"]
[Round "3"]
[White "Doddapaneni Venkat  (OR)"]
[Black "Wheaton John  (WA)"]
[Result "0-1"]
[WhiteElo "1494"]
[BlackElo "1465"]
[Annotator ""]
[Source ""]
[Remark "Reserve"]

1.e4 e6 2.d4 d5 3.Nc3 Bb4 4.Bd3 c5 5.a3 Bxc3+ 6.bxc3 Qc7 7.Ne2
( 7.Bd2 c4 8.Bf1 Nc6 9.Qe2 Nge7 10.exd5 exd5 11.g3 Be6 12.Nf3
h6 13.Bg2 O-O 14.O-O Ng6 15.Be3 b5 16.Qd2 Kh7 17.Rfe1 Qd6 18.Re2
a5 19.Qe1 Rfe8 20.Kh1 Rab8 21.Kg1 b4 22.a4 bxc3 23.Qxc3 Rb7 24.Bc1
Reb8 25.Nh4 Qb4 26.Qe3 Nxh4 27.gxh4 Qe7 28.Qf4 Qd8 29.Re1 Nb4
30.Rd1 Kh8 31.Be3 Nxc2 32.Rac1 Nxe3 33.fxe3 Qc7 34.Qg3 Qxg3 35.hxg3
Rb4 36.Ra1 c3 37.Rdc1 Rc8 38.e4 Rxd4 39.exd5 Bxd5 40.Bxd5 Rxd5
41.Ra2 Kh7 42.Rac2 Rd3 43.Kf2 Rc4 44.Kg2 Rg4 45.Rxc3 Rgxg3+ 46.Kf2
Rxc3 {0-1, Lofi Sarah (FRA) 1889 - Assad Karine (FRA) 2054, France 1996}
) Ne7 8.Bf4 Qa5 9.exd5 exd5 10.dxc5 Nbc6 11.O-O Be6 12.Qb1 Bc8
13.Bb5 O-O 14.Bd6 Rd8 15.Re1 Nf5 16.Bxc6 bxc6 17.Nd4 Bd7 18.Re5
Nxd6 19.cxd6 Qxc3 20.Qd1 c5 21.Re3 Qxd4 22.Rd3 Qe4 23.f3 Qc4
24.Rxd5 Re8 25.Rb1 Rab8 26.Rb3 Rxb3 27.cxb3 Qc3 28.Rd2 Re3 29.Re2
Qd4 30.Qxd4 cxd4 31.Rxe3 dxe3 32.a4 a5 33.Kf1 f5 34.g3 g5 35.f4
gxf4 36.gxf4 Kf7 37.Ke2 Be6 38.b4 axb4 39.Kxe3 Ke8 40.Kd4 Kd7
41.a5 Kxd6 42.a6 Kc6 43.Ke5 Bg8 0-1

[Event "Washington Open Championship"]
[Site "SeaTac City, WA"]
[Date "2012.05.27"]
[Round "3"]
[White "Davis Frederick  (WA)"]
[Black "Bashkansky Naomi  (WA)"]
[Result "1-0"]
[WhiteElo "1596"]
[BlackElo "1508"]
[Annotator ""]
[Source ""]
[Remark "Reserve"]

1.e4 e5 2.Nf3 Nc6 3.Bc4 Bc5 4.O-O Nf6 5.d4 exd4 6.e5 d5 7.exf6
dxc4 8.Re1+ Be6 9.Ng5 Qxf6 10.Nxe6 fxe6 11.Qh5+ g6 12.Qxc5 Rf8
13.f3 Rf7 14.Qxc4 Re7 15.Nd2 a6 16.Ne4 Qg7 17.Bg5 Ne5 18.Qb3
b6 19.Bxe7 Qxe7 20.Qa4+ b5 21.Qxd4 Nf7 22.Nf6+ Kf8 23.Nd7+ Kg8
24.Ne5 Qf6 25.Qc3 Rc8 26.Nxf7 Qxc3 27.Nh6+ Kg7 28.bxc3 Kxh6 29.Rxe6
a5 30.Rb1 c6 31.g3 Kg5 32.Rd1 Kf5 33.Rdd6 c5 34.a3 b4 35.cxb4
cxb4 36.axb4 axb4 37.Re4 Rxc2 38.Rxb4 Ke5 39.Rbd4 Rc5 40.f4+
Kf5 41.R4d5+ Rxd5 42.Rxd5+ Kf6 43.g4 Ke6 44.Re5+ Kf6 45.Kf2 h6
46.h4 Kg7 47.g5 h5 48.Re6 Kf7 49.Rf6+ Kg7 50.Ke3 Kh7 51.Ke4 Kg7
52.Ke5 Kh7 53.Ke6 Kg7 54.Ke7 Kh7 55.Kf7 Kh8 56.Rxg6 Kh7 57.Rh6# 1-0

[Event "Washington Open Championship"]
[Site "SeaTac City, WA"]
[Date "2012.05.27"]
[Round "1"]
[White "Smith Claire  (WA)"]
[Black "Schmidt Karen  (WA)"]
[Result "0-1"]
[WhiteElo "469"]
[BlackElo "821"]
[Annotator ""]
[Source ""]
[Remark "Novice"]

1.d4 d5 2.Bf4 Bf5 3.e3 Nc6 4.c3 Nf6 5.Qb3 Rb8 6.Nf3 e6 7.Nbd2
Bd6 8.Bg3 O-O ( 8...O-O 9.Be2 a6 10.Nh4 Bg4 11.Bd3 b5 12.Qc2
Na5 13.b4 Nc4 14.O-O c6 15.Nhf3 Ra8 16.Bh4 Nxd2 17.Nxd2 h6 18.h3
g5 19.Bg3 Bh5 20.Nf3 Bxf3 21.gxf3 Kg7 22.Kg2 Nh5 23.Be2 f5 24.Be5+
Bxe5 25.dxe5 Qe7 26.f4 gxf4 27.Bxh5 Qg5+ 28.Kh2 Qxh5 29.exf4
Qf3 30.Qd2 Rg8 31.Qe3 Qxe3 32.fxe3 Kf7 33.Rg1 Rxg1 34.Rxg1 Rc8
35.Kg3 Rg8+ 36.Kf2 Rxg1 37.Kxg1 h5 38.h4 Ke7 39.Kf2 Kd7 40.Ke2
a5 41.a3 c5 42.Kd2 Kc6 43.Kd3 axb4 44.axb4 Kc7 45.Kc2 Kb6 46.Kd3
Kc6 47.Kc2 d4 48.exd4 cxd4 49.cxd4 {1/2-1/2, Stellmacher Dieter - Oesterreich Lars, Oberlinghaus (Germany) 1994}
) 9.Nh4 Na5 10.Qa4 Bxg3 11.Nxf5 Bxf2+ 12.Kxf2 b6 13.Ng3 Ng4+
14.Ke2 Qf6 15.h4 {??} ( 15.Kd1 ) Qf2+ 16.Kd3 Qxe3+
( 16...Nc4 17.Nxc4 b5 18.Ne5 Nxe5+ 19.dxe5 bxa4 $19 ) 17.Kc2
Qxg3 18.b4 Ne3+ 19.Kb2 Nxf1 20.Nxf1 Qxg2+ 21.Nd2 Qxd2+ 22.Qc2
Nc4+ 23.Kb3 Qxc2+ 24.Kxc2 Rbe8 25.Rag1 Ne3+ 26.Kb3 Nf5 27.h5
e5 28.h6 Re6 29.hxg7 Nxg7 30.Rh5 exd4 31.Rxd5 dxc3 32.Kxc3 Re3+
33.Rd3 Rfe8 34.Rxe3 Rxe3+ 35.Kd4 Ra3 36.Kc4 Rxa2 37.Kb5 Rb2 38.Rg4
a5 39.Kc6 axb4 ( 39...Rxb4 ) 40.Kxc7 b5 41.Kd6 b3 42.Ke7 Re2+
43.Kf6 Rf2+ 44.Ke7 b2 45.Rb4 h5 46.Rxb5 {%02  (Score keeping stopped in time pressure, and White resigned about ten moves later.)}
 0-1

[Event "Washington Open Championship"]
[Site "SeaTac City, WA"]
[Date "2012.05.27"]
[Round "3"]
[White "Wang James  (WA)"]
[Black "Campbell Tim  (WA)"]
[Result "1-0"]
[WhiteElo "1655"]
[BlackElo "1730"]
[Annotator ""]
[Source ""]
[Remark "Premier"]

1.e4 c5 2.Nf3 Nc6 3.d4 cxd4 4.Nxd4 g6 5.Nc3 Bg7 6.Be3 Nf6 7.Be2
O-O 8.Qd2 Ng4 {??} 9.Bxg4 d6 10.Bxc8 Rxc8 11.Nxc6 Rxc6 12.Bd4
e5 13.Be3 Qc7 14.O-O Rc8 15.Nd5 Qd7 16.c3 b5 17.Bg5 f6 18.Bxf6
Kf7 19.Bg5 Bf8 20.Qe3 a5 21.Qf3+ Kg7 22.Qf6+ Kg8 23.Bh6 {%02!  (if Bxh6, then Ne7+, forcing the loss of the queen.)}
Re8 24.Bxf8 Re6 25.Ne7+ Rxe7 26.Qxe7 Qxe7 27.Bxe7 b4 28.cxb4
axb4 29.Rfc1 Ra6 30.h3 Kf7 31.Rc7 Ke8 32.Bg5 b3 33.a3 Ra8 34.Re7+
Kf8 35.Rc1 Rd8 36.Rcc7 h6 37.Bxh6+ Kg8 38.Rg7+ Kf8 39.Rxg6+ Ke8
40.Rg8# 1-0

[Event "Washington Open Championship"]
[Site "SeaTac City, WA"]
[Date "2012.05.27"]
[Round "3"]
[White "Ruddell Craig  (WA)"]
[Black "Cohen David S  (OR)"]
[Result "1-0"]
[WhiteElo "1570"]
[BlackElo "1321"]
[Annotator ""]
[Source ""]
[Remark "Reserve"]

1.d4 Nf6 2.Nf3 e6 3.Bf4 c5 4.e3 d6 5.c3 Be7 6.dxc5 dxc5 7.Qxd8+
Bxd8 8.Bd3 O-O 9.Nbd2 Nbd7 10.g4 Nd5 11.Bg3 Re8 12.g5 Bc7 13.c4
Bxg3 14.hxg3 Ne7 15.Bxh7+ Kf8 16.Be4 Ng6 17.Bxg6 fxg6 18.Ne4
Ke7 19.O-O-O Rf8 20.Nh4 Rg8 21.f4 b6 22.Nd6 Nf8 23.Nf3 Ba6 24.b3
Rd8 25.Nb5 Rxd1+ 26.Rxd1 Bxb5 27.cxb5 Rh8 28.Nh4 Rg8 29.e4 Rh8
30.e5 Rg8 31.Rd6 Rh8 32.Kc2 Rg8 33.Kc3 Rh8 34.b4 cxb4+ 35.Kxb4
Rxh4 36.gxh4 Nd7 37.Rc6 Nc5 38.Rxc5 bxc5+ 39.Kxc5 Kd7 40.b6 axb6+
41.Kxb6 Kd8 42.Kb7 Kd7 43.a4 1-0

[Event "Washington Open Championship"]
[Site "SeaTac City, WA"]
[Date "2012.05.27"]
[Round "3"]
[White "Smith Andrew  (WA)"]
[Black "Doknjas John  (CAN)"]
[Result "0-1"]
[WhiteElo "988"]
[BlackElo "1903"]
[Annotator ""]
[Source ""]
[Remark "Open"]

1.e4 c5 2.Nc3 d6 3.f4 Nc6 4.Nf3 e6 5.Bb5 Bd7 6.O-O a6 7.Bc4 Nge7
8.a3 g6 9.e5 d5 10.Ba2 Bg7 11.d3 O-O 12.g4 b5 13.Qe1 Rc8 14.Qh4
Nd4 15.Nxd4 cxd4 16.Ne2 Rxc2 17.Rf2 ( 17.Nxd4 {%02$14/=} ) f6
18.exf6 Bxf6 19.Qg3 Qc7 20.Bb3 Rc6 21.Bd2 a5 22.Rc1 Rxc1+ 23.Nxc1
Rc8 24.Ne2 Kh8 25.Rf1 a4 26.Rc1 Qb8 27.Ba2 Be8 28.Kg2 Rxc1 29.Bxc1
Qc7 30.Kf3 Qc2 31.Qe1 Qxd3+ 32.Kg2 Qe4+ 33.Kg1 d3 34.Bb1 Bd4+ 0-1

[Event "Washington Open Championship"]
[Site "SeaTac City, WA"]
[Date "2012.05.27"]
[Round "3"]
[White "Saputra Yogi  (OR)"]
[Black "Harrison Drayton  (WA)"]
[Result "1-0"]
[WhiteElo "1749"]
[BlackElo "1973"]
[Annotator ""]
[Source ""]
[Remark "Premier"]

1.d4 Nf6 2.c4 d6 3.Nf3 c6 4.Nc3 Nbd7 5.e4 e5 6.Be2 Be7 7.O-O
O-O 8.Rb1 a6 9.b4 b5 10.a4 bxc4 11.Bxc4 Qc7 12.Bg5 Nb6 13.Be2
Be6 14.Qc2 h6 15.dxe5 hxg5 16.exf6 Bxf6 17.e5 dxe5 18.Ne4 Qe7
19.Qxc6 Rab8 20.Rfd1 Bd7 21.Nxf6+ Qxf6 22.Qxf6 gxf6 23.a5 Bf5
24.axb6 Bxb1 25.Rxb1 Rxb6 26.Ne1 Rc8 27.Bd3 Rc3 28.Kf1 Rd6 29.Ke2
Ra3 30.f3 Kg7 31.Be4 Ra2+ 32.Nc2 Rd4 33.Bd3 f5 34.Ke3 f4+ 35.Kd2
f5 36.Kc3 Rxd3+ 37.Kxd3 e4+ 38.Kc3 1-0

[Event "Washington Open Championship"]
[Site "SeaTac City, WA"]
[Date "2012.05.27"]
[Round "2"]
[White "Schmidt Karen  (WA)"]
[Black "Jee Ben  (WA)"]
[Result "1/2-1/2"]
[WhiteElo "821"]
[BlackElo "719"]
[Annotator ""]
[Source ""]
[Remark "Novice"]

1.d4 d5 2.c4 e6 3.Nc3 Nc6 4.e4 Nf6 5.Nf3 dxe4 6.Ne5 Nxe5
( 6...Qxd4 7.Nxc6 Qxd1+ 8.Nxd1 bxc6 ) 7.dxe5 Qxd1+ 8.Nxd1 Nd7
9.Bf4 f6 10.exf6 Nxf6 11.Bxc7 Bb4+ 12.Nc3 O-O 13.Be2 Bc5 14.O-O
e3 15.Bg3 exf2+ 16.Bxf2 Bxf2+ 17.Rxf2 e5 18.Bf3 Be6 19.b3 Rab8
20.Rd1 a6 21.Rfd2 Bg4 22.Bxg4 Nxg4 23.h3 Ne3 24.Re1 Nf5 25.Rxe5
Rbe8 26.Rde2 Rxe5 27.Rxe5 h5 28.Nd5 h4 29.Ne7+ Nxe7 30.Rxe7 b5
31.Ra7 ( 31.c5 ) bxc4 32.bxc4 Rc8 33.Rxa6 Rxc4 34.Ra8+ Kh7 35.a4
Rc1+ 36.Kh2 Ra1 37.a5 Ra2 38.a6 Ra1 39.Ra7 Ra2 40.Ra8 Ra1 41.Rd8
Rxa6 1/2-1/2

[Event "Washington Open Championship"]
[Site "SeaTac City, WA"]
[Date "2012.05.27"]
[Round "3"]
[White "Pupols Viktors  (WA)"]
[Black "Collyer Curt  (WA)"]
[Result "0-1"]
[WhiteElo "2235"]
[BlackElo "2254"]
[Annotator ""]
[Source ""]
[Remark "Open"]

1.d4 e6 2.g3 c5 3.c3 Nc6 4.Nf3 d5 5.Bg2 Qb6 6.O-O Nf6 7.e3 Bd6
8.Nbd2 O-O 9.b3 Rd8 ( 9...e5 10.dxe5 Nxe5 11.Nxe5 Bxe5 12.Bb2
Bf5 13.Nf3 Bc7 14.Qe2 Rfe8 15.Rfd1 Rad8 16.h3 h6 17.b4 c4 18.a4
Bd3 19.Qe1 a5 20.b5 Bxg3 21.Rxd3 cxd3 22.c4 dxc4 23.Rc1 Ne4 24.fxg3
d2 25.Nxd2 Nxd2 26.Rd1 Qxe3+ 27.Qxe3 Rxe3 28.Bxb7 c3 29.Bc1 Re7
30.Bc6 Nf3+ 31.Bxf3 Rxd1+ 32.Bxd1 Re1+ 33.Kf2 Rxd1 {0-1, Popovic Voju - Gligoric Svetozar (SCG) 2447, Novi Sad (Yugoslavia) 1945}
) 10.Bb2 Bd7 11.Qb1 Rac8 12.c4 cxd4 13.exd4 Qa6 14.c5 Be7 15.Re1
b6 16.Bf1 Qa5 17.cxb6 Qxb6 18.a3 a5 19.Qa2 Rb8 20.Rad1 Ne8 21.Qa1
Nd6 22.Ne5 Bf6 23.Nxc6 Bxc6 24.Bd3 Bb5 25.Bxb5 Qxb5 26.g4 Bg5
27.Bc3 Bf4 28.Nf3 Ne4 29.b4 Rdc8 30.Bb2 axb4 31.axb4 Rc2 32.Bc1
Nxf2 33.Bxf4 Nh3+ 34.Kh1 Nxf4 35.Rb1 Nd3 36.Rf1 Nf2+ 37.Kg1 Qe2 0-1

[Event "Washington Open Championship"]
[Site "SeaTac City, WA"]
[Date "2012.05.27"]
[Round "3"]
[White "Padhi Pratik  (WA)"]
[Black "McCaffrey James  (WA)"]
[Result "1-0"]
[WhiteElo "1176"]
[BlackElo "982"]
[Annotator ""]
[Source ""]
[Remark "Reserve"]

1.e4 e6 2.d4 f5 3.Nc3 fxe4 4.Nxe4 Nf6 5.Bg5 Be7 6.Nxf6+ Bxf6
7.Bxf6 Qxf6 8.Nf3 O-O 9.Be2 b6 10.Qd2 Bb7 11.O-O-O d6 12.h4 Nd7
13.h5 Qf4 14.h6 g6 15.Qxf4 Rxf4 16.Rd3 Raf8 17.Rf1 e5 18.dxe5
Nxe5 19.Nxe5 dxe5 20.Rd7 R8f7 21.Rfd1 Rxd7 22.Rxd7 Rd4 23.Rxc7
Bxg2 1-0

[Event "Washington Open Championship"]
[Site "SeaTac City, WA"]
[Date "2012.05.27"]
[Round "3"]
[White "Wang Michael  (WA)"]
[Black "Sinanan Joshua  (WA)"]
[Result "1/2-1/2"]
[WhiteElo "2128"]
[BlackElo "2288"]
[Annotator ""]
[Source ""]
[Remark "Open"]

1.c4 e5 2.g3 Nc6 3.Bg2 f5 4.d3 Nf6 5.Nc3 Bb4 6.Bd2 O-O 7.e3 Bxc3
8.Bxc3 d6 9.Ne2 Be6 10.b4 Qd7 11.O-O Rae8 12.Rc1 Nd8 13.b5 c6
14.Qa4 cxb5 15.Qxb5 Nc6 16.d4 a6 17.Qb3 Bf7 18.dxe5 dxe5 19.Rfd1
Qc7 20.Bb4 Nxb4 21.Qxb4 Bh5 22.Re1 Bxe2 23.Rxe2 e4 24.Rb2 Rf7
25.Bf1 g6 26.Rcb1 Ree7 27.Be2 h5 28.Qb6 Kg7 29.Qxc7 Rxc7 30.Rb6
Rfd7 31.Kf1 Ng8 32.Bd1 Nh6 33.Ba4 Re7 34.c5 Ng4 35.c6 bxc6 36.Rxa6
Ra7 37.Rbb6 Rxa6 38.Rxa6 Rb7 39.Rxc6 Nxh2+ 40.Kg2 Nf3 41.Rd6
Rb2 42.Be8 g5 43.Rd1 Rxa2 44.Bxh5 g4 45.Be8 Kf6 46.Bc6 Rc2 47.Ba4
Rc5 48.Bb3 Ne5 49.Rd6+ Kg5 50.Rd5 Rxd5 51.Bxd5 Kf6 52.Kf1 Nd3 1/2-1/2

[Event "Washington Open Championship"]
[Site "SeaTac City, WA"]
[Date "2012.05.27"]
[Round "4"]
[White "Hendricks David  (WA)"]
[Black "Arora Mayhul (WA)"]
[Result "1/2-1/2"]
[WhiteElo "1615"]
[BlackElo "1728"]
[Annotator ""]
[Source ""]
[Remark "Premier"]

1.d4 Nf6 2.Bf4 g6 3.Nd2 Bg7 4.c3 O-O 5.e4 d6 6.h3 Nbd7 7.Ngf3
Re8 8.Bc4 c6 9.Qb3 d5 10.exd5 b5 11.Be2 Nxd5 12.Bh2 e5 13.dxe5
Nxe5 14.O-O Ng4 15.Rfe1 Nxh2 16.Kxh2 Nf4 17.Bf1 Be6 18.Qb4 Qc7
19.Kh1 c5 20.Qe4 Bd7 21.Qc2 Qb7 22.Rxe8+ Rxe8 23.Re1 Rxe1 24.Nxe1
Bxh3 ( 24...Nxh3 {%02 is much better} ) 25.Qe4 Qxe4 26.Nxe4 Bd7
27.Nxc5 Bc6 28.f3 b4 29.cxb4 Bxb2 30.b5 Bd5 31.a4 Ba3 32.Ned3
Nxd3 33.Nxd3 Bc4 34.Kg1 Bxd3 1/2-1/2

[Event "Washington Open Championship"]
[Site "SeaTac City, WA"]
[Date "2012.05.27"]
[Round "4"]
[White "Kelley Dereque  (WA)"]
[Black "Bartron Paul  (WA)"]
[Result "0-1"]
[WhiteElo "2096"]
[BlackElo "2273"]
[Annotator ""]
[Source ""]
[Remark "Open"]

1.d4 d5 2.c4 dxc4 3.Nf3 Nf6 4.e3 e6 5.Bxc4 c5 6.O-O Nc6 7.a3
a6 8.dxc5 Qxd1 9.Rxd1 Bxc5 10.b4 Be7 11.Bb2 b5 12.Be2 O-O 13.Nbd2
Bb7 14.Nb3 Rfd8 15.Nfd4 Nxd4 16.Bxd4 Rac8 17.Bc5 Kf8 18.Bxe7+
Kxe7 19.Nc5 Rxd1+ 20.Rxd1 Rc7 21.f3 Nd7 22.Nxb7 Rxb7 23.Rc1 Kd8
24.Bd3 h6 25.Rd1 Rc7 26.a4 bxa4 27.Bxa6 Ke7 28.Bb5 a3 29.Bxd7
Rxd7 30.Ra1 Rd3 31.Kf2 Rb3 32.Ke2 Kd6 33.Kd2 Rxb4 34.Kc3 Rb2
35.g3 Rxh2 36.Rxa3 Rh3 0-1

[Event "Washington Open Championship"]
[Site "SeaTac City, WA"]
[Date "2012.05.27"]
[Round "4"]
[White "Gin Kevin  (WA)"]
[Black "Nicoski Rick  (WA)"]
[Result "1/2-1/2"]
[WhiteElo "784"]
[BlackElo "975"]
[Annotator ""]
[Source ""]
[Remark "Booster"]

1.e4 c6 2.d4 d5 3.e5 Bf5 4.c4 dxc4 5.Bxc4 e6 6.Nf3 h6 7.a3 Nd7
8.Nc3 Qa5 9.Bd2 Qc7 10.O-O Be7 11.b4 f6 12.Bf4 fxe5 13.Nxe5 Ngf6
14.Ng6 Qb6 15.Nxh8 Kf8 16.Ng6+ Bxg6 17.Bxe6 Bf7 18.Bxf7 Kxf7
19.Na4 Qb5 20.Qb3+ Kf8 21.Nc5 Nxc5 22.dxc5 Bxc5 {+-} 23.a4 Qxb4
24.Qxb4 ( 24.Qc2 ) Bxb4 25.Rab1 Nd5 26.Be5 a5 27.Rb3 b5 28.Rf3+
Kg8 29.axb5 cxb5 30.Rd1 Nf6 31.Bxf6 gxf6 32.Rxf6 Bf8 33.Rf5 b4
34.Rfd5 a4 35.Ra1 b3 36.Rb5 Bg7 37.Ra3 Rc8 38.Kf1 {%02$17/$19}
Rc1+ 39.Ke2 b2 40.Rxa4 b1Q 41.Rxb1 Rxb1 42.h3 Rb2+ 43.Kf3 Kh7
44.g4 Kg6 45.h4 Rb5 46.Ke4 Bf6 47.Ra6 Rb4+ 48.Kf3 1/2-1/2

[Event "Washington Open Championship"]
[Site "SeaTac City, WA"]
[Date "2012.05.27"]
[Round "3"]
[White "Haining Kyle  (WA)"]
[Black "Setiadikurnia Sloan  (WA)"]
[Result "0-1"]
[WhiteElo "1919"]
[BlackElo "1702"]
[Annotator ""]
[Source ""]
[Remark "Open"]

1.e4 c5 2.Nf3 d6 3.d4 cxd4 4.Nxd4 Nf6 5.Nc3 g6 6.Be3 Bg7 7.f3
O-O 8.Qd2 Nc6 9.g4 Bd7 10.O-O-O Qa5 11.h4 Rfc8 12.Kb1 h5 13.g5
Ne8 ( 13...Ne8 14.f4 Bg4 15.Be2 Bxe2 16.Ndxe2 Nc7 17.Rhf1 Nb5
18.Nxb5 Qxb5 19.Nc3 Qb4 20.a3 Bxc3 21.axb4 Bxd2 22.Bxd2 Nd4 23.c3
Nc6 24.b3 b5 25.Kb2 a5 26.bxa5 Rxa5 27.Ra1 Rca8 28.Rxa5 Rxa5
29.Rd1 Ra8 30.Be3 Kf8 31.Bd4 Ke8 32.Be3 Kf8 33.Rc1 e6 34.Bd2
Ke7 35.c4 b4 36.Be3 Rd8 37.Ra1 Kd7 38.Ra6 Rb8 39.Kc2 Kc7 40.Kd3
Kb7 41.Ra4 Ra8 42.Rxa8 Kxa8 43.c5 d5 {1/2-1/2, Hermida Pedro Pablo - Suarez Fernandez Pablo (ESP), Trevias (Spain) 2001}
) 14.Be2 Ne5 15.Nb3 Qd8 16.Bd4 Nc4 17.Qe1 b5 18.f4 e5 19.fxe5
dxe5 20.Bg1 Bf8 21.Nxb5 Qe7 22.Nc3 Be6 23.Nd5 Bxd5 24.Rxd5 Nb6
25.Rc5 Qb7 26.Rxc8 Rxc8 27.Bd3 Nd6 28.Bxb6 Qxb6 29.Qe2 a5 30.Nd2
Rb8 31.b3 Qb7 32.Rf1 a4 33.Qf2 Qc7 34.Nc4 {??} ( 34.Kc1 ) Nxc4
35.Bxc4 Qxc4 36.Ka1 Qc3+ 37.Kb1 Rb7 ( 37...a3 ) 38.Qf3 Qxf3 39.Rxf3
Rb4 40.Re3 Bc5 41.Re2 Kg7 42.c3 Rb7 43.Kc2 axb3+ 44.axb3 f6 45.gxf6+
Kxf6 46.Rg2 Be3 47.b4 g5 48.Kd3 Bf4 49.hxg5+ Bxg5 50.Rh2 Rh7
51.Kc4 Bf4 52.Rh1 h4 53.Kd5 Ke7 54.b5 Kd7 55.Rh3 Bg3 56.c4 Kc7
57.Kc5 Rd7 58.b6+ Kb7 59.Kb5 Rd1 60.Kc5 Bf2+ 61.Kb5 Rb1+ 62.Ka4
Kxb6 63.Rd3 Bg3 64.Ka3 h3 65.Ka2 h2 66.Rd6+ Kc7 0-1

[Event "Washington Open Championship"]
[Site "SeaTac City, WA"]
[Date "2012.05.27"]
[Round "3"]
[White "Shook Stephan  (WA)"]
[Black "Porish Andrew  (WA)"]
[Result "0-1"]
[WhiteElo "1521"]
[BlackElo "1623"]
[Annotator ""]
[Source ""]
[Remark "Reserve"]

1.d4 Nf6 2.Nf3 b6 3.g3 Bb7 4.Bg2 e6 5.c3 Be7 6.O-O O-O 7.Nbd2
c5 8.dxc5 bxc5 9.Nh4 Bxg2 10.Nxg2 d5 11.Nf3 Nc6 12.Qc2 Qb6 13.b3
Rfd8 14.Ng5 h6 15.Nh3 e5 16.Nh4 Bd6 17.Nf5 Bc7 18.Nxh6+ gxh6
19.Bxh6 Ne7 20.Ng5 Ng6 21.Qf5 Qc6 22.h4 Rd7 23.g4 {?} Nxh4 24.Qd3
e4 25.Qh3 Ng6 26.f3 Nf4 27.Qh2 e3 28.Nh3 Nxh3+ 29.Qxh3 Qe6 30.Kg2
d4 31.cxd4 cxd4 32.Rh1 Nh7 33.Bxe3 Qg6 34.Bd2 Re7 35.Kf1 Rae8
36.f4 f6 37.f5 Qf7 38.Re1 Qd5 39.g5 fxg5 40.Bxg5 Rf7
( 40...Nxg5 41.Qh8+ Kf7 42.Qh5+ Kf6 43.Qg6+ Ke5 ) 41.Rg1 Rxf5+
42.Bf4+ Kh8 43.e3 dxe3 44.Ke2 Qd2+ 0-1

[Event "Washington Open Championship"]
[Site "SeaTac City, WA"]
[Date "2012.05.27"]
[Round "3"]
[White "Bragg David  (WA)"]
[Black "Orlov Georgi (WA)"]
[Result "0-1"]
[WhiteElo "2200"]
[BlackElo "2512"]
[Annotator ""]
[Source ""]
[Remark "Open"]

1.e4 c5 2.Nf3 d6 3.c3 Nf6 4.Bd3 Nc6 5.O-O Bg4 6.Re1 e6 7.h3 Bh5
8.Bf1 d5 9.e5 Nd7 10.g4 Bg6 11.d3 h5 ( 11...h5 12.Bf4 hxg4 13.hxg4
Qc7 14.Bg3 Be7 15.Nbd2 O-O-O 16.a3 Rh7 17.b4 Rdh8 18.b5 Na5 19.c4
d4 20.Ne4 Bxe4 21.Rxe4 Nf8 22.Bg2 Ng6 23.Rb1 Bd8 24.Re1 Qe7 25.Qe2
Bc7 26.Qe4 Bb6 27.Kf1 Qd8 28.Ke2 Qe7 29.Kd2 Qd8 30.Kc2 Kb8 31.Qe2
Ka8 32.Nd2 Qc7 33.f4 Rd8 34.Kb2 Ne7 35.Ne4 Nc8 36.f5 Rhh8 37.Rf1
Rhf8 38.Qf2 exf5 39.gxf5 Rde8 40.f6 Qd8 41.fxg7 Rg8 42.Bh4 Qc7
43.Nf6 Rd8 44.Nxg8 Rxg8 45.Bf6 a6 46.a4 Ba7 47.Rh1 Nb6 48.Qc2
Naxc4+ 49.dxc4 d3 50.Qxd3 Nxa4+ 51.Kc2 axb5 52.Rxb5 Nb6 53.Rh8
Qc8 54.Rxg8 Qxg8 55.Qe4 Qc8 56.g8Q {1-0, Jonkman Harmen (NED) 2421 - Dunworth Christopher (ENG) 2308, London (England) 1999}
) 12.Bf4 hxg4 13.hxg4 Qb6 14.b3 Be7 15.Bg3 O-O-O 16.a3 Rh7 17.Nbd2
Qa6 18.Qe2 Rdh8 19.b4 Nb6 20.Reb1 Rh1+ 21.Kg2 Rxf1 22.b5 Rxb1
23.Rxb1 Qa4 24.bxc6 bxc6 25.Ne1 c4 26.f3 Qa6 27.Qe3 cxd3 28.Bf2
c5 29.f4 Nc4 30.Nxc4 Qxc4 31.Nf3 Be4 32.Kg3 {%02$19'time'} 0-1

[Event "Washington Open Championship"]
[Site "SeaTac City, WA"]
[Date "2012.05.27"]
[Round "2"]
[White "Campbell Tim  (WA)"]
[Black "Bragg David  (WA)"]
[Result "0-1"]
[WhiteElo "1730"]
[BlackElo "2200"]
[Annotator ""]
[Source ""]
[Remark "Open"]

1.e4 c6 2.c4 e5 3.Nf3 d6 4.d4 Nd7 5.Nc3 Qc7 6.Ne2 Ngf6 7.Ng3
g6 8.Be2 Bg7 9.b3 O-O 10.Bb2 Re8 11.Qc2 a5 12.O-O exd4 13.Bxd4
c5 14.Bb2 Ne5 15.Rad1 Nfg4 16.Nxe5 dxe5 17.Bxg4 Bxg4 18.f3 Be6
19.Ne2 Bh6 20.Bc1 Bxc1 21.Qxc1 a4 22.Nc3 axb3 23.axb3 Qb6 24.Nd5
Bxd5 25.cxd5 c4+ 26.Kh1 cxb3 27.Qc3 Rac8 28.Qa1 Rc2 29.Rb1 Qb4
30.Rfd1 b2 31.Qa2 Rd8 32.h3 b5 33.d6 Rxd6 34.Rxd6 Qxd6 35.Rxb2
Rxb2 36.Qxb2 b4 37.Kh2 Qc5 38.Qa1 Kg7 39.f4 Qd4 40.Qf1 Qxe4 41.g3
b3 42.Qb5 exf4 43.Qxb3 Qe2+ 44.Kh1 f3 45.Qc3+ Kh6 46.Qc1+ Kh5
47.g4+ Kh4 48.Qh6+ Kg3 49.h4 Qf1# 0-1

[Event "Washington Open Championship"]
[Site "SeaTac City, WA"]
[Date "2012.05.27"]
[Round "4"]
[White "Jung Trevor  (WA)"]
[Black "Kramer Noelle  (WA)"]
[Result "0-1"]
[WhiteElo "1258"]
[BlackElo "861"]
[Annotator ""]
[Source ""]
[Remark "Booster"]

1.e4 c5 2.Nf3 Nc6 3.Bb5 Nf6 4.Bxc6 dxc6 5.Nc3 g6 6.d3 Bg7 7.Bg5
O-O 8.Qd2 Re8 ( 8...Bg4 9.Bh6 Qc7 10.Bxg7 Kxg7 11.Qe3 b6 12.e5
Nd5 13.Nxd5 cxd5 14.Ng5 h6 15.f3 Bc8 16.Nh3 Bxh3 17.gxh3 Qd7
18.h4 Qa4 19.b3 Qxh4+ 20.Kd2 d4 21.Qe4 Qxe4 22.fxe4 Rac8 23.Rag1
Rc6 24.h4 Re6 25.Rh2 Rxe5 26.Rgh1 Rh5 27.Kc1 f5 28.exf5 Rfxf5
29.Kb2 Kf6 30.Rg2 g5 31.c3 dxc3+ 32.Kxc3 Rxh4 33.Rxh4 gxh4 34.Rg4
Rh5 35.Rf4+ Kg5 36.Rf7 h3 37.Rf1 h2 38.Rh1 Kf4 39.Kc4 Ke3 40.a4
a6 41.Re1+ Kf2 {0-1, Skjoldan Benjamin (DEN) 2147 - Comez Kemalcan (TUR) 2184, Mureck (Austria) 1998}
) 9.Bh6 e5 10.Bxg7 Kxg7 11.O-O-O b5 12.Kb1 Be6 13.h3 Qa5 14.a3
b4 15.Ne2 Qa6 16.c4 bxc3 17.Nxc3 Rab8 18.Ka1 Red8 19.Ne1 Bb3
20.Rc1 c4 21.Nd1 cxd3 22.f3 Bxd1 23.Rxd1 Rb3 24.Rb1 Qc4 25.Qa5
Qd4 26.Qd2 Nd7 27.Rc1 Nc5 28.Ka2 Rdb8 29.Rb1 Na4 0-1

[Event "Washington Open Championship"]
[Site "SeaTac City, WA"]
[Date "2012.05.27"]
[Round "3"]
[White "Oberly Calvin  (WA)"]
[Black "Jung Trevor  (WA)"]
[Result "1/2-1/2"]
[WhiteElo "1044"]
[BlackElo "1258"]
[Annotator ""]
[Source ""]
[Remark "Booster"]

1.e4 e5 2.Nf3 Nc6 3.c4 Nf6 4.Nc3 Be7 5.Be2 d6 6.O-O Be6 7.d4
exd4 8.Nxd4 Nxd4 9.Qxd4 O-O 10.Nd5 Nxd5 ( 10...Bxd5 11.cxd5 Re8
12.Be3 c5 13.dxc6 bxc6 14.Rac1 Qd7 15.Rfd1 c5 16.Qd3 Qe6 17.Bf3
Rab8 18.b3 Rb6 19.Bd2 Bf8 {1/2-1/2, Haas Hans (SUI) 2092 - Reischl Peter, Schleswig Holstein (Germany) 1989}
) 11.cxd5 Bf6 12.Qb4 Bc8 13.Be3 b6 14.Rac1 Bb7 15.Bd4 Bxd4 16.Qxd4
Kh8 17.Qc3 Rc8 18.Bb5 f5 19.f3 Qe7 20.Rce1 Qf7 21.Qd3 fxe4 22.fxe4
Qg6 23.Rxf8+ Rxf8 24.Rf1 Rxf1+ 25.Qxf1 h6 26.Qf8+ Kh7 27.Qb8
{%02??$17/$19} ( 27.Bd7 Qg5 28.h4 Qg3 29.Bf5+ g6 30.Qf7+ Kh8
31.Qf6+ Kh7 32.Qe7+ Kh8 33.Qd8+ Kg7 34.Qxc7+ {+-} ) Bxd5 {??}
( 27...Qxe4 28.Qxb7 Qe3+ 29.Kf1 Qc1+ 30.Kf2 Qc5+ 31.Kg3 Qxb5
{%02$17/$19} ) 28.exd5 Qb1+ 29.Kf2 {?} ( 29.Bf1 {+-} ) Qxb2+
30.Be2 Qf6+ 31.Ke1 Qc3+ 32.Kf2 Qd4+ 33.Kg3 Qe3+ 34.Bf3 Qe5+ 35.Kf2
Qd4+ 36.Kg3 1/2-1/2

[Event "Washington Open Championship"]
[Site "SeaTac City, WA"]
[Date "2012.05.27"]
[Round "4"]
[White "Esler Brian  (OR)"]
[Black "Bragg David  (WA)"]
[Result "1/2-1/2"]
[WhiteElo "2006"]
[BlackElo "2200"]
[Annotator ""]
[Source ""]
[Remark "Open"]

1.e4 c6 2.d4 d5 3.e5 Bf5 4.Nf3 e6 5.Be2 Nd7 6.O-O Be7 7.Nbd2
b5 8.c3 ( 8.c3 h5 9.a4 a6 10.b3 g5 11.Ba3 Bxa3 12.Rxa3 g4 13.Ne1
Ne7 14.Nc2 Bxc2 15.Qxc2 b4 16.cxb4 Qb6 17.b5 axb5 18.a5 Qxd4
19.Rd1 Qxe5 20.Nf1 f5 21.b4 Kf7 22.Re3 Qd6 23.Bd3 Qxb4 24.Rde1
Rh6 25.Bxf5 Nxf5 26.Rxe6 Rxe6 27.Qxf5+ Rf6 28.Qxd7+ Kg6 29.Re7
Rg8 30.Re6 Qf4 31.Rxf6+ Qxf6 {0-1, Parcerias Pedro (POR) 2269 - Cordovil Joao (POR) 2240, Portugal 1993}
) h5 9.h3 g5 10.Nh2 Bg6 11.a4 a6 12.b3 Rb8 13.c4 f5 14.exf6 Ngxf6
15.axb5 axb5 16.Re1 Bb4 17.cxb5 cxb5 18.Bf3 Qb6 19.Ba3 Bc3 20.Bc5
Nxc5 21.dxc5 Qc6 22.Rc1 Bb4 23.Re5 Kf7 24.Rxg5 Qc7 25.g3 Ra8
26.Ndf1 Ra2 27.Ne3 Bd2 28.Ra1 Rxa1 29.Qxa1 Bxe3 30.fxe3 Qxc5
31.Qd4 Qxd4 32.exd4 Rc8 33.g4 Rc1+ 34.Kg2 Rc2+ 35.Kg1 h4 36.Re5
Ne4 37.g5 Rc3 38.Bg4 Rxb3 {?!} ( 38...Bf5 39.Bxf5 exf5 40.Rxf5+
Kg6 41.Rf3 b4 {%02$17/$19} ) 39.Bxe6+ Kg7 40.Bxd5 Rg3+ 41.Kf1
Nxg5 42.Bg2 Nxh3 43.Bxh3 Rxh3 44.Kg2 Rd3 ( 44...Rb3 ) 45.Rxb5
Be4+ 46.Kf2 Rxd4 47.Nf3 Bxf3 1/2-1/2